000 00494nam a22001697a 4500
999 _c41272
_d41272
003 OSt
005 20210412142751.0
008 210412b ||||| |||| 00| 0 eng d
020 _a9788182716872
040 _coclc
082 _a297
_bMUH/S
100 _94593
_aMuhammedali, Koottil
245 _aSamskaram Urumbarikkunnu/
_cDr.Koottil Muhammedali
260 _aKozhikode:
_b Islamic Publishing House
300 _a96 pages
942 _2ddc
_cBK
_h297
_iMUH/S
_k297
_mMUH/S